TCP/IP embedded internet applications /
Introducing the technology from square one through real-world design applications, this book will significantly reduce R&D time - and spend. Eddie Insam's approach to the internet protocols TCP/IP is to explore their potential as a practical tool for design engineers building web communicat...
| Main Author: | |
|---|---|
| Format: | eBook |
| Language: | English |
| Published: |
Amsterdam ; Boston :
Newnes,
[2003]
|
| Series: | Embedded technology series.
|
| Subjects: | |
| Online Access: | Connect to the full text of this electronic book Publisher description Table of contents |
MARC
| Tag | First Indicator | Second Indicator | Subfields |
|---|---|---|---|
| LEADER | 00000cam a2200000Ia 4500 | ||
| 001 | in00002425696 | ||
| 005 | 20190327171552.0 | ||
| 006 | m d | ||
| 007 | cr cn||||||||| | ||
| 008 | 070806s2003 ne a s 000 0 eng d | ||
| 020 | |a 9780750657358 | ||
| 020 | |a 0750657359 | ||
| 035 | |a (OCoLC)ocn162590600 | ||
| 035 | |a (OCoLC)162590600 | ||
| 037 | |a 95492:95491 |b Elsevier Science & Technology |n http://www.sciencedirect.com | ||
| 040 | |a OPELS |c OPELS |d UtOrBLW | ||
| 049 | |a TEFA | ||
| 050 | 1 | 4 | |a TK7895.E42 |b I55 2003eb |
| 082 | 0 | 4 | |a 004.62 |2 22 |
| 100 | 1 | |a Insam, Edward. | |
| 245 | 1 | 0 | |a TCP/IP embedded internet applications / |c Edward Insam. |
| 264 | 1 | |a Amsterdam ; |a Boston : |b Newnes, |c [2003] | |
| 264 | 4 | |c ©2003 | |
| 300 | |a vi, 320 pages : |b illustrations ; |c 24 cm. | ||
| 336 | |a text |b txt |2 rdacontent | ||
| 337 | |a computer |b c |2 rdamedia | ||
| 338 | |a online resource |b cr |2 rdacarrier | ||
| 490 | 1 | |a Embedded technology series | |
| 533 | |a Electronic reproduction. |b Amsterdam : |c Elsevier Science & Technology, |d 2007. |n Mode of access: World Wide Web. |n System requirements: Web browser. |n Title from title screen (viewed on Aug. 2, 2007). |n Access may be restricted to users at subscribing institutions. | ||
| 520 | |a Introducing the technology from square one through real-world design applications, this book will significantly reduce R&D time - and spend. Eddie Insam's approach to the internet protocols TCP/IP is to explore their potential as a practical tool for design engineers building web communication and capabilities into embedded systems for the next generation of electronic products. Eddie Insam introduces the range of possibilities open to internet-enabled designs, including automated fault and low-stock notification, remote environmental control, control of test and measurement equipment, and programming responses based on data collected locally. These techniques are introduced as they key to a new level of interactivity between customer and manufacturer or service provider as well as a the means for users to communicate with electronic devices in increasingly useful and user-friendly ways. These new opportunities are introduced with the level of practical detail required for electronic designers getting to grips with turning the next phase of the internet revolution into reality. The scope of this book encompasses electronic design, networking applications and wireless applications using Bluetooth and 802.11 (WiFi). The case studies are not based on one specific device, but listings are provided where required. *An engineer's approach to internet protocols and applications *Reduces R&D time for design engineers *The design guide for the cutting edge of internet-enabled electronic products and systems. | ||
| 505 | 0 | |a Preface; Introduction; Applications; Low level (Physical) Layers; Network Interface devices and components; Physical and Low Level Link Management Protocols; Building on IP; -- Applications 2; A software stack for embedded uPs; Appendix; Index. | |
| 504 | |a Includes bibliographical references (pages 303-304) and index. | ||
| 500 | |a Electronic resource. | ||
| 650 | 0 | |a Embedded computer systems. | |
| 650 | 0 | |a TCP/IP (Computer network protocol) | |
| 655 | 7 | |a Electronic books. |2 local | |
| 730 | 0 | |a Referex. | |
| 776 | 1 | |c Original |z 0750657359 |z 9780750657358 |w (DLC) 2005299229 |w (OCoLC)53401280 | |
| 830 | 0 | |a Embedded technology series. | |
| 856 | 4 | 0 | |u http://proxy.library.tamu.edu/login?url=http://www.sciencedirect.com/science/book/9780750657358 |z Connect to the full text of this electronic book |t 0 |
| 856 | 4 | 2 | |3 Publisher description |u http://www.loc.gov/catdir/enhancements/fy0627/2005299229-d.html |t 0 |
| 856 | 4 | 2 | |3 Table of contents |u http://www.loc.gov/catdir/enhancements/fy0627/2005299229-t.html |t 0 |
| 994 | |a C0 |b TEF | ||
| 999 | |a MARS | ||
| 999 | f | f | |s 51bae8d0-956c-3188-8c51-49a2586dd8fe |i 8ac94274-12c6-3cbb-82ca-6734bb65e73a |t 0 |
| 952 | f | f | |a Texas A&M University |b College Station |c Electronic Resources |d Available Online |t 0 |e TK7895.E42 I55 2003eb |h Library of Congress classification |
| 998 | f | f | |a TK7895.E42 I55 2003eb |t 0 |l Available Online |